000 01192nam a22002297a 4500
003 OSt
005 20260128094401.0
008 230522b ||||| |||| 00| 0 eng d
040 _aSSBUL
_cSSBUL
041 _ashan
082 _a895.9191
245 _aၶပ်ႉမၢႆပၢင်ၵုမ်လႄႈပုၵ်ႈႁုပ်ႈယေႃႈ၊ ပၢင်ၵုမ်ၶွၼ်ႇၾရႅၼ်ႉလိၵ်ႈလူင်ပွၵ်ႈၵမ်း4၊ ၵျွင်းၵျိၼ်းတေႃႇယၢၼ်ႇ၊ ဝဵင်းတႃႈလိူဝ်ႇ။
260 _aဝဵင်းလိူဝ်ႇ
_bတႆးၵမ်ႇပေႃးၸ
_c2016
300 _aU၊ 186 ၼႃႈ
_c21 ၸိၼ်ႇထီႇ
500 _a2481ပဵၼ်ပပ်ႉၸဝ်ႈတႃႇၼႁင်းၶေႃ တွၵ်ႉတိူဝ်ႇၸၢႆးဢွင်ႇထုၼ်း
500 _a S-SAT: Dr. Prof Sai Aung Tun
650 _aလိၵ်ႈလၢႆးတႆး-ၶွၼ်ႇၾရႅၼ်ႉ
_922816
650 _aပုတ်ႉထၽႃႇသႃႇ-ၶွၼ်ႇၾရႅၼ်ႉ
_922817
942 _cBK
942 _2ddc
942 _2ddc
999 _c24663
_d24663